History Quiz

Random History or Clickable Quiz

Famous Women by Century Quiz Stats

Quiz Updated Jul 15, 2016

Challenge
Share
Tweet
Embed
Score 0/10 Timer 03:00
1 Play Today
% Correct
1900s
89.6%
1800s
86.8%
1700s
75.3%
1600s
68.7%
1500s
66.6%
1400s
64.6%
1100s
51.2%
600s
49.1%
0s
47.8%
1000s
43.8%

You're not logged in!

Compare scores with friends on all Sporcle quizzes.
Join for Free
OR
Log In

You Might Also Like...

Show Comments

Extras

Top Quizzes Today


Score Distribution

Your Account Isn't Verified!

In order to create a playlist on Sporcle, you need to verify the email address you used during registration. Go to your Sporcle Settings to finish the process.

Report this User

Report this user for behavior that violates our Community Guidelines.

Details: